আবদুল মান্নান সৈয়দ : (Record no. 1053)
[ view plain ]
| 000 -LEADER | |
|---|---|
| fixed length control field | 00765nam a22002297a 4500 |
| 001 - CONTROL NUMBER | |
| JCCL Control Number | 1053 |
| 003 - CONTROL NUMBER IDENTIFIER | |
| JCCL marc code | BD-JhCC |
| 005 - DATE AND TIME OF LATEST TRANSACTION | |
| control field | 20171015105806.0 |
| 008 - FIXED-LENGTH DATA ELEMENTS--GENERAL INFORMATION | |
| fixed length control field | 171014s2012 bg |||| ||a| 00| 0 ben d |
| 020 ## - INTERNATIONAL STANDARD BOOK NUMBER | |
| International Standard Book Number | 9789848866603 |
| 035 ## - SYSTEM CONTROL NUMBER | |
| system control number | (BD-JhCC)1053 |
| 040 ## - CATALOGING SOURCE | |
| Original cataloging agency | BD-JhCC |
| Modifying agency | BD-JhCC |
| 041 ## - LANGUAGE CODE | |
| Language code of Book | ben |
| 082 ## - DEWEY DECIMAL CLASSIFICATION NUMBER | |
| DDC Edition number | 23 |
| Classification number | 891.447109 |
| Author mark and Year | MAJ 2012 |
| 100 ## - MAIN ENTRY--PERSONAL NAME | |
| Personal name | মাযহার, আহমাদ |
| 245 ## - TITLE STATEMENT | |
| Title | আবদুল মান্নান সৈয়দ : |
| Remainder of title | সর্বসত্তা নিমগ্ন সাহিত্যিক / |
| Statement of responsibility, etc | আহমাদ মাযহার |
| 260 ## - PUBLICATION, DISTRIBUTION, ETC. (IMPRINT) | |
| Place of publication, distribution, etc | ঢাকা: |
| Name of publisher, distributor, etc | পাঠক সমাবেশ, |
| Date of publication, distribution, etc | 2012 |
| 300 ## - PHYSICAL DESCRIPTION | |
| Pagination | 100 p. : |
| Dimensions | 21 cm. |
| 600 ## - SUBJECT ADDED ENTRY--PERSONAL NAME | |
| Personal name | Saiyada, Abadula Mannana |
| Chronological subdivision | 1943-2010 |
| 942 ## - ADDED ENTRY ELEMENTS (KOHA) | |
| Source of classification or shelving scheme | Dewey Decimal Classification |
| Koha item type | Books |
| Source of classification or shelving scheme | Damaged status | Not for loan | Home library | Current library | Date of accession | Cost, normal purchase price | Total Checkouts | Full call number | Barcode | Date last seen | Copy number | Koha item type |
|---|---|---|---|---|---|---|---|---|---|---|---|---|
| Dewey Decimal Classification | JCC Rouf Library | JCC Rouf Library | 10/14/2017 | 285.00 | 891.447109 MAJ 2012 | 2077 | 10/14/2017 | C-1 | Books |